<?xml version="1.0" encoding="UTF-8"?>
<record
    xmlns:xsi="http://www.w3.org/2001/XMLSchema-instance"
    xsi:schemaLocation="http://www.loc.gov/MARC21/slim http://www.loc.gov/standards/marcxml/schema/MARC21slim.xsd"
    xmlns="http://www.loc.gov/MARC21/slim">

  <leader>00581nam a22001337a 4500</leader>
  <datafield tag="040" ind1=" " ind2=" ">
    <subfield code="c">RUA</subfield>
  </datafield>
  <datafield tag="082" ind1=" " ind2=" ">
    <subfield code="a">VEM SEN 2021 B1-530 Or.</subfield>
  </datafield>
  <datafield tag="100" ind1=" " ind2=" ">
    <subfield code="a">SENG BAN,&#x179F;&#x17C1;&#x1784;&#x200B; &#x1794;&#x17B6;&#x1793;</subfield>
  </datafield>
  <datafield tag="245" ind1=" " ind2=" ">
    <subfield code="a">CASE OF DIARRHEA IN CHICKEN IN SAMRONGTONG DISTRICT,KAMPONG SPEU PROVINCE,&#x1780;&#x179A;&#x178E;&#x17B8;&#x1787;&#x17C6;&#x1784;&#x17BA;&#x179A;&#x17B6;&#x1782;&#x1798;&#x17B6;&#x1793;&#x17CB;&#x1793;&#x17C5;&#x179F;&#x17D2;&#x179A;&#x17BB;&#x1780;&#x179F;&#x17C6;&#x179A;&#x17C4;&#x1784;&#x1791;&#x1784;&#x200B; &#x1781;&#x17C1;&#x178F;&#x17D2;&#x178F;&#x1780;&#x17C6;&#x1796;&#x1784;&#x17CB;&#x179F;&#x17D2;&#x1796;&#x17BA;</subfield>
  </datafield>
  <datafield tag="260" ind1=" " ind2=" ">
    <subfield code="a">phnom penh</subfield>
    <subfield code="b">rua</subfield>
    <subfield code="c">2021</subfield>
  </datafield>
  <datafield tag="300" ind1=" " ind2=" ">
    <subfield code="a">ix.33p.</subfield>
    <subfield code="b">ill.</subfield>
    <subfield code="c">29cm.</subfield>
  </datafield>
  <datafield tag="856" ind1=" " ind2=" ">
    <subfield code="u">https://drive.google.com/file/d/1jZfQYc9QnV7x4uhAWUgJXTiWGMViyzdG/view?usp=sharing</subfield>
  </datafield>
  <datafield tag="942" ind1=" " ind2=" ">
    <subfield code="c">VEM</subfield>
  </datafield>
  <datafield tag="999" ind1=" " ind2=" ">
    <subfield code="c">21762</subfield>
    <subfield code="d">21762</subfield>
  </datafield>
  <datafield tag="952" ind1=" " ind2=" ">
    <subfield code="0">0</subfield>
    <subfield code="1">0</subfield>
    <subfield code="4">0</subfield>
    <subfield code="6">VEM_SEN_2021_000000000000000_B1530_OR</subfield>
    <subfield code="7">0</subfield>
    <subfield code="9">94697</subfield>
    <subfield code="a">LBB</subfield>
    <subfield code="b">LBB</subfield>
    <subfield code="c">B1.530</subfield>
    <subfield code="d">2023-08-25</subfield>
    <subfield code="l">1</subfield>
    <subfield code="o">VEM SEN 2021 B1-530 Or.</subfield>
    <subfield code="p">a72588</subfield>
    <subfield code="r">2025-09-29</subfield>
    <subfield code="s">2025-09-18</subfield>
    <subfield code="y">VEM</subfield>
  </datafield>
  <datafield tag="952" ind1=" " ind2=" ">
    <subfield code="0">0</subfield>
    <subfield code="1">0</subfield>
    <subfield code="4">0</subfield>
    <subfield code="6">VEM_SEN_2021_000000000000000_B1530_OR</subfield>
    <subfield code="7">0</subfield>
    <subfield code="9">94698</subfield>
    <subfield code="a">LBB</subfield>
    <subfield code="b">LBB</subfield>
    <subfield code="c">B1.530</subfield>
    <subfield code="d">2023-08-25</subfield>
    <subfield code="o">VEM SEN 2021 B1-530 Or.</subfield>
    <subfield code="p">a72513</subfield>
    <subfield code="r">2023-08-25</subfield>
    <subfield code="y">VEM</subfield>
  </datafield>
  <datafield tag="952" ind1=" " ind2=" ">
    <subfield code="0">0</subfield>
    <subfield code="1">0</subfield>
    <subfield code="4">0</subfield>
    <subfield code="6">VEM_SEN_2021_000000000000000_B1530_OR</subfield>
    <subfield code="7">0</subfield>
    <subfield code="9">94699</subfield>
    <subfield code="a">LBB</subfield>
    <subfield code="b">LBB</subfield>
    <subfield code="c">B1.530</subfield>
    <subfield code="d">2023-08-25</subfield>
    <subfield code="o">VEM SEN 2021 B1-530 Or.</subfield>
    <subfield code="p">a72658</subfield>
    <subfield code="r">2023-08-25</subfield>
    <subfield code="y">VEM</subfield>
  </datafield>
  <datafield tag="952" ind1=" " ind2=" ">
    <subfield code="0">0</subfield>
    <subfield code="1">0</subfield>
    <subfield code="4">0</subfield>
    <subfield code="6">VEM_SEN_2021_000000000000000_B1530_OR</subfield>
    <subfield code="7">0</subfield>
    <subfield code="9">94700</subfield>
    <subfield code="a">LBB</subfield>
    <subfield code="b">LBB</subfield>
    <subfield code="c">B1.530</subfield>
    <subfield code="d">2023-08-25</subfield>
    <subfield code="o">VEM SEN 2021 B1-530 Or.</subfield>
    <subfield code="p">a72438</subfield>
    <subfield code="r">2023-08-25</subfield>
    <subfield code="y">VEM</subfield>
  </datafield>
  <datafield tag="952" ind1=" " ind2=" ">
    <subfield code="0">0</subfield>
    <subfield code="1">0</subfield>
    <subfield code="4">0</subfield>
    <subfield code="6">VEM_SEN_2021_000000000000000_B1530_OR</subfield>
    <subfield code="7">0</subfield>
    <subfield code="9">94701</subfield>
    <subfield code="a">LBB</subfield>
    <subfield code="b">LBB</subfield>
    <subfield code="c">B1.530</subfield>
    <subfield code="d">2023-08-25</subfield>
    <subfield code="l">2</subfield>
    <subfield code="o">VEM SEN 2021 B1-530 Or.</subfield>
    <subfield code="p">a72363</subfield>
    <subfield code="r">2025-12-22</subfield>
    <subfield code="s">2025-11-24</subfield>
    <subfield code="y">VEM</subfield>
  </datafield>
  <datafield tag="952" ind1=" " ind2=" ">
    <subfield code="0">0</subfield>
    <subfield code="1">0</subfield>
    <subfield code="4">0</subfield>
    <subfield code="6">VEM_SEN_2021_000000000000000_B1530_OR</subfield>
    <subfield code="7">0</subfield>
    <subfield code="9">94702</subfield>
    <subfield code="a">LBB</subfield>
    <subfield code="b">LBB</subfield>
    <subfield code="c">B1.530</subfield>
    <subfield code="d">2023-08-25</subfield>
    <subfield code="o">VEM SEN 2021 B1-530 Or.</subfield>
    <subfield code="p">a72203</subfield>
    <subfield code="r">2023-08-25</subfield>
    <subfield code="y">VEM</subfield>
  </datafield>
  <datafield tag="952" ind1=" " ind2=" ">
    <subfield code="0">0</subfield>
    <subfield code="1">0</subfield>
    <subfield code="4">0</subfield>
    <subfield code="6">VEM_SEN_2021_000000000000000_B1530_OR</subfield>
    <subfield code="7">0</subfield>
    <subfield code="9">94703</subfield>
    <subfield code="a">LBB</subfield>
    <subfield code="b">LBB</subfield>
    <subfield code="c">B1.530</subfield>
    <subfield code="d">2023-08-25</subfield>
    <subfield code="l">1</subfield>
    <subfield code="o">VEM SEN 2021 B1-530 Or.</subfield>
    <subfield code="p">a72313</subfield>
    <subfield code="r">2025-01-10</subfield>
    <subfield code="s">2025-01-02</subfield>
    <subfield code="y">VEM</subfield>
  </datafield>
</record>
